000
00191nam a22000857a 4500
003
SGT
245
_a
DELHI GAUHATI,H.P.J. J&K,KERLA
260
_a
NAGPUR
_b
ALL INDIA REPORTER
_c
1977
942
_2
ddc
_c
BV
999
_c
13155
_d
13155